| 000 | 00682nam a22002177a 4500 | ||
|---|---|---|---|
| 003 | OSt | ||
| 005 | 20250708030552.0 | ||
| 008 | 250708b |||||||| |||| 00| 0 eng d | ||
| 020 | _a 9789718712023 | ||
| 040 |
_aDWCL - Main lib _cOC |
||
| 082 | _aCirc. 128 B976w 1986 | ||
| 100 | _aGuru, Jagad | ||
| 245 |
_a Who are you? Discovering your real identity/ _cGuru Jagad |
||
| 260 |
_aMakati City : _bScience of Identity Foundation, _cc1986. |
||
| 300 |
_av, 473 pages : _b illustrations ; _c22 cm. |
||
| 504 | _aIncludes bibliographical references. | ||
| 650 | _a1. Human beings. | ||
| 650 | _a2. Identity (Psychology). | ||
| 650 | _a3. Self. | ||
| 942 |
_2ddc _cBK-CIRC _kCirc. _n0 |
||
| 999 |
_c3447 _d3447 |
||